[Event "CAN-op"]
[Site "Kitchener CAN"]
[Date "2006.07.21"]
[Round "7"]
[White "Jiang, Louie"]
[Black "Hansen, Eric"]
[Result "1-0"]
[WhiteElo "1967"]
[BlackElo "2023"]
[PlyCount "73"]
[GameId "2160767910803017"]
[EventDate "2006.07.15"]
[EventType "swiss"]
[EventRounds "9"]
[EventCountry "CAN"]

1. e4 e6 2. d4 d5 3. Nc3 Nf6 4. e5 Nfd7 5. f4 c5 6. Nf3 a6 7. Be3 Nc6 8. Qd2 b5 9. g3 b4 10. Ne2 c4 11. Bh3 Nb6 12. c3 a5 13. O-O a4 14. a3 bxa3 15. bxa3 Na5 16. Qc2 g6 17. Ng5 Be7 18. Bg4 Nb3 19. Ra2 Bd7 20. h4 Nc8 21. Bh3 Ra6 22. g4 h6 23. f5 gxf5 24. Nxf7 Kxf7 25. gxf5 exf5 26. Bxf5 Kg7 27. Nf4 Rf8 28. Qg2+ Kh8 29. e6 Rxf5 30. Ng6+ Kh7 31. Rxf5 Bxe6 32. Rh5 Bf8 33. Nxf8+ Qxf8 34. Rxh6+ Qxh6 35. Bxh6 Kxh6 36. Qg5+ Kh7 37. Rg2 1-0

[Event "CAN-op"]
[Site "Kitchener CAN"]
[Date "2006.07.22"]
[Round "8"]
[White "Hansen, Eric"]
[Black "Martchenko, Alexander"]
[Result "1/2-1/2"]
[WhiteElo "2023"]
[BlackElo "1962"]
[PlyCount "81"]
[GameId "2160767910803047"]
[EventDate "2006.07.15"]
[EventType "swiss"]
[EventRounds "9"]
[EventCountry "CAN"]

1. e4 c5 2. Nf3 Nc6 3. b3 e5 4. Bb2 d6 5. Bc4 Be7 6. O-O Nf6 7. d3 Bg4 8. c3 O-O 9. Nbd2 Rb8 10. h3 Bh5 11. Re1 d5 12. Bb5 dxe4 13. Nxe4 Nxe4 14. Rxe4 f5 15. Re1 Bf6 16. Bxc6 bxc6 17. c4 Qd6 18. Qe2 e4 19. dxe4 fxe4 20. Bxf6 exf3 21. Qe5 Qxf6 22. Qxh5 fxg2 23. Qxc5 Rbd8 24. Qe3 Rd4 25. Rad1 Rf4 26. Rd2 Qh4 27. Kxg2 Rf3 28. Qe6+ Kh8 29. Ree2 h5 30. Qg6 Qxh3+ 31. Kg1 R3f4 32. Re4 R4f6 33. Qg3 Qf5 34. Re5 Qb1+ 35. Kh2 Rg6 36. Rg5 Rxg5 37. Qxg5 Rf6 38. Qe3 Rg6 39. f3 Qf5 40. Rg2 Re6 41. Qd4 1/2-1/2

[Event "CYCC U14"]
[Site "Kitchener CAN"]
[Date "2006.07.10"]
[Round "1"]
[White "Wee, Michael"]
[Black "Hansen, Eric"]
[Result "0-1"]
[WhiteElo "1424"]
[BlackElo "2023"]
[PlyCount "70"]
[GameId "2160767910811521"]
[EventDate "2006.07.10"]
[EventType "swiss"]
[EventRounds "7"]
[EventCountry "CAN"]
[SourceTitle "CBM 113 Extra"]
[Source "ChessBase"]
[SourceDate "2006.09.14"]
[SourceVersion "1"]
[SourceVersionDate "2006.09.14"]
[SourceQuality "1"]

1. Nf3 Nf6 2. g3 g6 3. Bg2 Bg7 4. O-O O-O 5. d3 c5 6. e4 d6 7. Ne1 Nc6 8. f4 Bg4 9. Nf3 Qc8 10. Be3 b5 11. Nc3 b4 12. Ne2 Bh3 13. Qd2 Bxg2 14. Kxg2 Ng4 15. Nh4 Nxe3+ 16. Qxe3 Bxb2 17. Rab1 Bg7 18. f5 Nd4 19. Nxd4 Bxd4 20. Qg5 Bf6 21. Qh6 Qd7 22. Rf4 Bg7 23. Qg5 h6 24. Qg4 g5 25. Rf3 gxh4 26. gxh4 Kh7 27. Rbf1 Bf6 28. Kh1 Rg8 29. Qh5 Rg7 30. Rg3 Rag8 31. Rfg1 d5 32. R1g2 dxe4 33. dxe4 Qd4 34. Rxg7+ Rxg7 35. Qf3 Qa1+ 0-1

[Event "CYCC U14"]
[Site "Kitchener CAN"]
[Date "2006.07.10"]
[Round "2"]
[White "Hansen, Eric"]
[Black "Oberton, Daniel"]
[Result "1-0"]
[WhiteElo "2023"]
[BlackElo "1780"]
[PlyCount "59"]
[GameId "2160767910811522"]
[EventDate "2006.07.10"]
[EventType "swiss"]
[EventRounds "7"]
[EventCountry "CAN"]
[SourceTitle "CBM 113 Extra"]
[Source "ChessBase"]
[SourceDate "2006.09.14"]
[SourceVersion "1"]
[SourceVersionDate "2006.09.14"]
[SourceQuality "1"]

1. e4 c5 2. Nf3 d6 3. d4 cxd4 4. Nxd4 Nf6 5. Nc3 g6 6. Be2 Bg7 7. Be3 Nc6 8. O-O O-O 9. Nb3 Bd7 10. f4 Rc8 11. Kh1 a6 12. a4 Na5 13. e5 Nxb3 14. exf6 Nxa1 15. fxg7 Kxg7 16. Qxa1 e6 17. Bf3 Bc6 18. a5 Bxf3 19. Rxf3 d5 20. Bd4+ f6 21. b3 Qd6 22. Rf2 Rfe8 23. Bxf6+ Kg8 24. Bd4 Rf8 25. Qe1 Rf7 26. Qe5 Qxe5 27. Bxe5 g5 28. g3 gxf4 29. gxf4 Rc5 30. Rg2+ 1-0

[Event "CYCC U14"]
[Site "Kitchener CAN"]
[Date "2006.07.11"]
[Round "3"]
[White "Gibson, Kevin"]
[Black "Hansen, Eric"]
[Result "0-1"]
[WhiteElo "1824"]
[BlackElo "2023"]
[PlyCount "146"]
[GameId "2160767910811525"]
[EventDate "2006.07.10"]
[EventType "swiss"]
[EventRounds "7"]
[EventCountry "CAN"]
[SourceTitle "CBM 113 Extra"]
[Source "ChessBase"]
[SourceDate "2006.09.14"]
[SourceVersion "1"]
[SourceVersionDate "2006.09.14"]
[SourceQuality "1"]

1. d4 Nf6 2. Bg5 Ne4 3. Bf4 c5 4. f3 Qa5+ 5. c3 Nf6 6. d5 d6 7. e4 g6 8. Na3 Nbd7 9. Nc4 Qc7 10. a4 Bg7 11. g4 O-O 12. Be2 b6 13. Nh3 a6 14. Nf2 Ne5 15. Nxe5 dxe5 16. Be3 Bd7 17. c4 Ne8 18. Rg1 Nd6 19. Rc1 Kh8 20. g5 f5 21. gxf6 exf6 22. Bd3 f5 23. Ke2 b5 24. cxb5 c4 25. Bb1 axb5 26. axb5 Bxb5 27. Rc3 Ba6 28. Ke1 f4 29. Bd2 Nb5 30. Qc1 Nxc3 31. Bxc3 Qc5 32. Ke2 Bc8 33. Qd2 Rb8 34. Bc2 Bd7 35. Ra1 Rfd8 36. Ra5 Qd6 37. Ra3 h5 38. Ra1 Kh7 39. Rg1 Bf6 40. Rg2 g5 41. h3 Bc8 42. Rg1 Ba6 43. Nd1 Kh6 44. Qc1 Rg8 45. Nf2 Rg7 46. Rg2 Rbg8 47. Qg1 Bd8 48. Ba4 Bb6 49. Bc2 Bd4 50. Qe1 Qc5 51. Bb1 Bxc3 52. Qxc3 Qd4 53. Bc2 Rb8 54. Nd1 Rgb7 55. Qxd4 exd4 56. Kd2 Rxb2 57. Nxb2 Rxb2 58. Kc1 c3 59. h4 d3 60. hxg5+ Kg6 61. Bxd3 Rxg2 62. Bxa6 Kxg5 63. e5 Rd2 64. Bb7 Kf5 65. e6 Kf6 66. Bc6 h4 67. Bd7 Ke7 68. Bb5 h3 69. d6+ Kxd6 70. e7 Kxe7 71. Bf1 h2 72. Kb1 h1=Q 73. Kc1 Qxf1# 0-1

[Event "CYCC U14"]
[Site "Kitchener CAN"]
[Date "2006.07.11"]
[Round "4"]
[White "Thavandiran, Shiyam"]
[Black "Hansen, Eric"]
[Result "1-0"]
[WhiteElo "2255"]
[BlackElo "2023"]
[PlyCount "33"]
[GameId "2160767910811528"]
[EventDate "2006.07.10"]
[EventType "swiss"]
[EventRounds "7"]
[EventCountry "CAN"]
[SourceTitle "CBM 113 Extra"]
[Source "ChessBase"]
[SourceDate "2006.09.14"]
[SourceVersion "1"]
[SourceVersionDate "2006.09.14"]
[SourceQuality "1"]

1. e4 e6 2. d4 d5 3. Nc3 Nf6 4. exd5 exd5 5. Bd3 Nc6 6. Nge2 Nb4 7. Bf4 Bd6 8. Qd2 Nxd3+ 9. cxd3 a6 10. Be5 Ng4 11. Bxg7 Rg8 12. Bh6 Qh4 13. Be3 Nxh2 14. O-O-O Rxg2 15. Nf4 Bh3 16. Nxg2 Bxg2 17. f4 1-0

[Event "CYCC U14"]
[Site "Kitchener CAN"]
[Date "2006.07.12"]
[Round "5"]
[White "Hansen, Eric"]
[Black "Ang, Alan"]
[Result "1-0"]
[WhiteElo "2023"]
[BlackElo "1904"]
[PlyCount "61"]
[GameId "2160767910811529"]
[EventDate "2006.07.10"]
[EventType "swiss"]
[EventRounds "7"]
[EventCountry "CAN"]
[SourceTitle "CBM 113 Extra"]
[Source "ChessBase"]
[SourceDate "2006.09.14"]
[SourceVersion "1"]
[SourceVersionDate "2006.09.14"]
[SourceQuality "1"]

1. e4 e6 2. d3 d5 3. Qe2 Be7 4. Nf3 Nf6 5. g3 c5 6. Bg2 Nc6 7. O-O Qc7 8. e5 Nd7 9. Re1 b6 10. Bf4 Ba6 11. c4 dxc4 12. dxc4 O-O-O 13. Nc3 h6 14. Bd2 g5 15. Nb5 Bxb5 16. cxb5 Ncxe5 17. Nxe5 Qxe5 18. Qf3 Qc7 19. Qxf7 Nf8 20. Bc3 Rh7 21. Qf3 Bd6 22. a4 Rf7 23. Qe4 e5 24. a5 Nd7 25. Red1 Rf6 26. axb6 Nxb6 27. Ba5 Be7 28. Bxb6 Rxd1+ 29. Rxd1 Qxb6 30. Qa8+ Kc7 31. Ra1 1-0

[Event "CYCC U14"]
[Site "Kitchener CAN"]
[Date "2006.07.12"]
[Round "6"]
[White "Hansen, Eric"]
[Black "Mai, Lloyd"]
[Result "0-1"]
[WhiteElo "2023"]
[BlackElo "1973"]
[PlyCount "112"]
[GameId "2160767910811533"]
[EventDate "2006.07.10"]
[EventType "swiss"]
[EventRounds "7"]
[EventCountry "CAN"]
[SourceTitle "CBM 113 Extra"]
[Source "ChessBase"]
[SourceDate "2006.09.14"]
[SourceVersion "1"]
[SourceVersionDate "2006.09.14"]
[SourceQuality "1"]

1. e4 c5 2. Nf3 d6 3. d4 cxd4 4. Nxd4 Nf6 5. Nc3 g6 6. Be2 Bg7 7. O-O O-O 8. Be3 Nc6 9. Nb3 Be6 10. f4 Rc8 11. Bf3 a6 12. a4 Na5 13. Nxa5 Qxa5 14. Kh1 Rfd8 15. Bd4 Bc4 16. Re1 e5 17. Be3 d5 18. exd5 Nxd5 19. Nxd5 Bxd5 20. Bxd5 Rxd5 21. Qc1 e4 22. c3 f5 23. Qc2 Rd3 24. Qb3+ Qd5 25. Qxd5+ Rxd5 26. Kg1 Kf7 27. Kf2 Bf8 28. Red1 Rcd8 29. Ke2 Rxd1 30. Rxd1 Rxd1 31. Kxd1 Ke6 32. c4 Bb4 33. Kc2 Kd6 34. h3 h5 35. Bf2 Bc5 36. Be1 Be3 37. g3 Kc5 38. Kc3 a5 39. b3 h4 40. gxh4 Bxf4 41. Bf2+ e3 42. Be1 Bc7 43. Kd3 f4 44. Ke4 b6 45. Bc3 Bd6 46. Be1 Kc6 47. Kf3 Bb4 48. Bxb4 axb4 49. Ke2 Kc5 50. Kd3 Kc6 51. Ke2 Kd6 52. Kd3 Kc5 53. Ke2 Kd4 54. Ke1 f3 55. Kd1 Kd3 56. Ke1 e2 0-1

[Event "CYCC U14"]
[Site "Kitchener CAN"]
[Date "2006.07.13"]
[Round "7"]
[White "Hambleton, Aman"]
[Black "Hansen, Eric"]
[Result "0-1"]
[WhiteElo "1975"]
[BlackElo "2023"]
[PlyCount "120"]
[GameId "2160767910811535"]
[EventDate "2006.07.10"]
[EventType "swiss"]
[EventRounds "7"]
[EventCountry "CAN"]
[SourceTitle "CBM 113 Extra"]
[Source "ChessBase"]
[SourceDate "2006.09.14"]
[SourceVersion "1"]
[SourceVersionDate "2006.09.14"]
[SourceQuality "1"]

1. d4 Nf6 2. c4 c5 3. d5 b5 4. cxb5 a6 5. b6 d6 6. Nc3 g6 7. e4 Bg7 8. Nf3 Qxb6 9. Be2 O-O 10. O-O Nbd7 11. Nd2 a5 12. Rb1 Ba6 13. b3 Rfb8 14. Bb2 Qa7 15. Bc4 Nb6 16. a4 Nxe4 17. Ndxe4 Nxc4 18. bxc4 Bxc4 19. Re1 f5 20. Qd2 fxe4 21. Rxe4 Ba6 22. Rbe1 Rb7 23. Nb5 Bxb5 24. Bxg7 Kxg7 25. axb5 Rf8 26. b6 Qxb6 27. Rxe7+ Rxe7 28. Rxe7+ Rf7 29. Rxf7+ Kxf7 30. Qf4+ Ke8 31. h4 Qd8 32. g3 Qd7 33. Qe3+ Kd8 34. Qb3 Kc7 35. Qc3 Kb6 36. Qb2+ Ka7 37. Qc3 Qc7 38. Qb3 c4 39. Qe3+ Ka6 40. Qc3 Qc5 41. Qh8 Qxd5 42. Qc8+ Kb5 43. Qb8+ Ka4 44. Qb2 Qd1+ 45. Kh2 Qb3 46. Qa1+ Kb5 47. Qe1 c3 48. Qe8+ Kb4 49. Qb8+ Ka4 50. Qxd6 c2 51. Qd4+ Qb4 52. Qa1+ Kb3 53. Qc1 Qc3 54. Qf4 c1=Q 55. Qf7+ Ka3 56. Qf8+ Qb4 57. Qf3+ Qcc3 58. Qd1 Qe1 59. Qd3+ Kb2 60. Qf3 Qb6 0-1

[Event "Battle of Alberta"]
[Site "Red Deer CAN"]
[Date "2006.07.08"]
[Round "1"]
[White "Hansen, Eric"]
[Black "Ottosen, David"]
[Result "0-1"]
[WhiteElo "2023"]
[BlackElo "2077"]
[PlyCount "80"]
[GameId "2160767910811580"]
[EventDate "2006.07.08"]
[EventRounds "2"]
[EventCountry "CAN"]
[SourceTitle "CBM 113 Extra"]
[Source "ChessBase"]
[SourceDate "2006.09.14"]
[SourceVersion "1"]
[SourceVersionDate "2006.09.14"]
[SourceQuality "1"]

1. e4 c5 2. Nf3 Nc6 3. Bb5 g6 4. O-O Bg7 5. Re1 Qb6 6. Na3 a6 7. Bf1 d6 8. c3 Nf6 9. d4 cxd4 10. cxd4 Bg4 11. Nc4 Qc7 12. d5 b5 13. Ne3 Bxf3 14. gxf3 Nd8 15. a4 Rb8 16. Nc2 Nd7 17. Nd4 bxa4 18. Bxa6 Qb6 19. Rxa4 O-O 20. Bf1 Nc5 21. Rc4 e5 22. Nc2 Nb3 23. Rb4 Qc7 24. Be3 f5 25. Rxb8 Qxb8 26. Na3 Nd4 27. Bxd4 exd4 28. Nc4 Nf7 29. f4 fxe4 30. Rxe4 Qb7 31. Rxd4 Bxd4 32. Qxd4 Qd7 33. Ne3 g5 34. Qf6 Ne5 35. Qxg5+ Kh8 36. Kh1 Nf3 37. Qg3 Nd4 38. Bd3 Qf7 39. Qh4 Rg8 40. Ng4 Qxd5+ 0-1

[Event "Battle of Alberta"]
[Site "Red Deer CAN"]
[Date "2006.07.08"]
[Round "2"]
[White "Ottosen, David"]
[Black "Hansen, Eric"]
[Result "1-0"]
[WhiteElo "2077"]
[BlackElo "2023"]
[PlyCount "77"]
[GameId "2160767910811596"]
[EventDate "2006.07.08"]
[EventRounds "2"]
[EventCountry "CAN"]
[SourceTitle "CBM 113 Extra"]
[Source "ChessBase"]
[SourceDate "2006.09.14"]
[SourceVersion "1"]
[SourceVersionDate "2006.09.14"]
[SourceQuality "1"]

1. d4 Nf6 2. c4 g6 3. Nc3 Bg7 4. e4 d6 5. Nf3 O-O 6. Be2 e5 7. dxe5 dxe5 8. Qxd8 Rxd8 9. Bg5 Rf8 10. O-O c6 11. b4 h6 12. Be3 Kh7 13. Nd2 Ng4 14. Bc5 Rd8 15. Rad1 Na6 16. Be7 Rd7 17. Bh4 Rd6 18. c5 Rd4 19. a3 Be6 20. Nf3 Rxd1 21. Rxd1 Nc7 22. Bg3 f5 23. h3 f4 24. Bh4 Nf6 25. Bxf6 Bxf6 26. Rd6 Kg7 27. b5 Be7 28. bxc6 Bxd6 29. cxd6 Ne8 30. d7 Nf6 31. cxb7 Rb8 32. d8=Q Rxd8 33. Nxe5 Rb8 34. Ba6 Nd7 35. Nc6 Re8 36. Nb5 Rh8 37. Nbxa7 Bb3 38. Nc8 Re8 39. Bb5 1-0

[Event "Edmonton Octob op"]
[Site "Edmonton CAN"]
[Date "2005.10.28"]
[Round "1"]
[White "Hansen, Eric"]
[Black "Karmali, Hafiz"]
[Result "1-0"]
[WhiteElo "1895"]
[BlackElo "1906"]
[PlyCount "115"]
[GameId "2160767910834207"]
[EventDate "2005.10.28"]
[EventType "swiss"]
[EventRounds "5"]
[EventCountry "CAN"]
[SourceTitle "EXT 2008"]
[Source "ChessBase"]
[SourceDate "2007.11.25"]
[SourceVersion "1"]
[SourceVersionDate "2007.11.25"]
[SourceQuality "1"]

1. e4 e6 2. d4 d5 3. Nd2 c5 4. exd5 Qxd5 5. dxc5 Bxc5 6. Ngf3 Nf6 7. Bd3 O-O 8. O-O Nc6 9. Qe2 e5 10. Ne4 Be7 11. Nfg5 g6 12. Qf3 Qd8 13. Nxf6+ Bxf6 14. Qg3 Bg7 15. h4 h5 16. Be3 Nd4 17. Rad1 Qf6 18. Bxd4 exd4 19. Bc4 Bf5 20. Rd2 Rac8 21. Bb3 Rce8 22. Rfd1 Qb6 23. Kh1 Re7 24. c3 d3 25. Bc4 Rfe8 26. Bxd3 Re1+ 27. Bf1 Rxd1 28. Rxd1 Qxb2 29. Bc4 Rf8 30. Nxf7 Bxc3 31. Ne5+ Kg7 32. Rd7+ Kh8 33. Nxg6+ Bxg6 34. Qxg6 Qc1+ 35. Kh2 Be5+ 36. f4 Qxf4+ 37. g3 Qxh4+ 38. Kg2 Qxg3+ 39. Qxg3 Bxg3 40. Kxg3 Rf5 41. Rxb7 Rc5 42. Bb3 a5 43. a4 Re5 44. Kf4 Rc5 45. Rb5 Rc3 46. Kg5 Kg7 47. Rb7+ Kh8 48. Kxh5 Rh3+ 49. Kg4 Rg3+ 50. Kf4 Rf3+ 51. Ke5 Re3+ 52. Kd6 Rd3+ 53. Bd5 Rd4 54. Ke5 Rxa4 55. Be6 Ra1 56. Kf6 Rg1 57. Bf5 Rg8 58. Rh7# 1-0

[Event "Edmonton Octob op"]
[Site "Edmonton CAN"]
[Date "2005.10.29"]
[Round "2"]
[White "Pua, Richard"]
[Black "Hansen, Eric"]
[Result "1/2-1/2"]
[WhiteElo "1892"]
[BlackElo "1895"]
[PlyCount "122"]
[GameId "2160767910834219"]
[EventDate "2005.10.28"]
[EventType "swiss"]
[EventRounds "5"]
[EventCountry "CAN"]
[SourceTitle "EXT 2008"]
[Source "ChessBase"]
[SourceDate "2007.11.25"]
[SourceVersion "1"]
[SourceVersionDate "2007.11.25"]
[SourceQuality "1"]

1. d4 c5 2. e3 Nf6 3. Bd3 d5 4. c3 Qc7 5. Nf3 Nbd7 6. Nbd2 e5 7. Nxe5 Nxe5 8. dxe5 Qxe5 9. Nf3 Qc7 10. O-O Bd6 11. c4 dxc4 12. Bxc4 O-O 13. Re1 Rd8 14. Qb3 Bg4 15. h3 Bxf3 16. gxf3 a6 17. a4 Qd7 18. Bf1 Re8 19. Bd2 Nh5 20. Bc3 Re6 21. Rad1 Qe7 22. Qd5 Rg6+ 23. Kh1 Qh4 24. Re2 Ng3+ 25. fxg3 Qxg3 26. Rg2 Qxh3+ 27. Kg1 Qh4 28. Qxd6 Rxd6 29. Rxg7+ Kf8 30. Rxd6 Re8 31. Rd7 Re6 32. Rdxf7+ Ke8 33. Rxb7 Rg6+ 34. Rxg6 hxg6 35. Bg2 Qxa4 36. f4 Qd1+ 37. Kh2 Qe2 38. e4 Qf2 39. f5 Qf4+ 40. Kh1 Qh6+ 41. Kg1 Qe3+ 42. Kf1 g5 43. Be5 g4 44. Rg7 Qc1+ 45. Kf2 Qd2+ 46. Kg3 Qe1+ 47. Kxg4 Qg1 48. Kf3 Qd1+ 49. Kg3 Qe1+ 50. Kh3 Qe3+ 51. Kg4 Qg1 52. Kh5 Qd1+ 53. Kg6 Qg4+ 54. Kf6 Qh4+ 55. Ke6 Kf8 56. Rf7+ Ke8 57. Bf6 Qg3 58. Re7+ Kf8 59. Rf7+ Ke8 60. Re7+ Kf8 61. Rf7+ Ke8 1/2-1/2

[Event "Edmonton Octob op"]
[Site "Edmonton CAN"]
[Date "2005.10.29"]
[Round "3"]
[White "Hansen, Eric"]
[Black "Aspler, Gerald"]
[Result "1-0"]
[WhiteElo "1895"]
[BlackElo "1967"]
[PlyCount "55"]
[GameId "2160767910834222"]
[EventDate "2005.10.28"]
[EventType "swiss"]
[EventRounds "5"]
[EventCountry "CAN"]
[SourceTitle "EXT 2008"]
[Source "ChessBase"]
[SourceDate "2007.11.25"]
[SourceVersion "1"]
[SourceVersionDate "2007.11.25"]
[SourceQuality "1"]

1. e4 c5 2. Nf3 d6 3. d4 cxd4 4. Nxd4 Nf6 5. Nc3 a6 6. Be2 g6 7. g4 h6 8. Be3 Nc6 9. f4 Qc7 10. g5 hxg5 11. fxg5 Nh5 12. Nd5 Qa5+ 13. b4 Qd8 14. Nxc6 bxc6 15. Bb6 cxd5 16. Bxd8 Kxd8 17. Qxd5 Rb8 18. O-O-O Nf4 19. Qa5+ Ke8 20. Bc4 Bd7 21. e5 Rc8 22. Bxa6 Ra8 23. Qb6 Bg7 24. exd6 Be5 25. Qb7 Rd8 26. dxe7 Kxe7 27. Bb5 Bd6 28. Rxd6 1-0

[Event "Edmonton Octob op"]
[Site "Edmonton CAN"]
[Date "2005.10.30"]
[Round "4"]
[White "Hansen, Eric"]
[Black "Newton, Geoff"]
[Result "1-0"]
[WhiteElo "1895"]
[BlackElo "1938"]
[PlyCount "71"]
[GameId "2160767910834233"]
[EventDate "2005.10.28"]
[EventType "swiss"]
[EventRounds "5"]
[EventCountry "CAN"]
[SourceTitle "EXT 2008"]
[Source "ChessBase"]
[SourceDate "2007.11.25"]
[SourceVersion "1"]
[SourceVersionDate "2007.11.25"]
[SourceQuality "1"]

1. e4 e6 2. d4 d5 3. Nc3 Nf6 4. e5 Nfd7 5. Nf3 c5 6. Bb5 a6 7. Bxd7+ Bxd7 8. Ne2 cxd4 9. Nexd4 Nc6 10. c3 Qc7 11. Nxc6 Bxc6 12. O-O Bc5 13. Bg5 b5 14. Qd2 Rb8 15. b4 Bb6 16. Be3 Bd7 17. Rfe1 O-O 18. Bg5 Rfe8 19. Rac1 Qc4 20. Nd4 Bd8 21. Bxd8 Rexd8 22. Re3 Rf8 23. Rg3 f5 24. Qh6 Rf7 25. Nxe6 Bxe6 26. Qxe6 Rbb7 27. Qxa6 Ra7 28. Qd6 Rad7 29. Qb6 Rb7 30. Qd8+ Rf8 31. Qd6 Qxa2 32. Rd3 Rbb8 33. Rxd5 h6 34. e6 Rfd8 35. Qxd8+ Rxd8 36. Rxd8+ 1-0

[Event "Battle of Alberta"]
[Site "Red Deer CAN"]
[Date "2005.08.20"]
[Round "1"]
[White "Hughey, Micah"]
[Black "Hansen, Eric"]
[Result "1-0"]
[WhiteElo "1995"]
[BlackElo "1916"]
[PlyCount "67"]
[GameId "2160767910900558"]
[EventDate "2005.08.20"]
[EventType "match"]
[EventRounds "2"]
[EventCountry "CAN"]
[SourceTitle "EXT 2007"]
[Source "ChessBase"]
[SourceDate "2006.11.23"]
[SourceVersion "1"]
[SourceVersionDate "2006.11.23"]
[SourceQuality "1"]

1. e4 c6 2. d4 d5 3. exd5 cxd5 4. c4 Nf6 5. Nc3 e6 6. Nf3 Bb4 7. Bd3 h6 8. O-O O-O 9. a3 Bxc3 10. bxc3 Qc7 11. Qe2 b6 12. Ne5 Ba6 13. Qf3 Nbd7 14. Bf4 Qc8 15. Nxd7 Qxd7 16. Bxh6 Ne4 17. cxd5 Bxd3 18. Qxd3 exd5 19. Bf4 Rac8 20. Rfc1 Rc4 21. f3 Nd6 22. Rab1 Rfc8 23. Rb4 Rxb4 24. cxb4 Rxc1+ 25. Bxc1 Nc4 26. h4 Qe7 27. Bg5 Qe1+ 28. Kh2 f6 29. Bxf6 gxf6 30. Qg6+ Kf8 31. Qxf6+ Ke8 32. h5 Ne3 33. Qg6+ Kd7 34. Qg5 1-0

[Event "Battle of Alberta"]
[Site "Red Deer CAN"]
[Date "2005.08.20"]
[Round "2"]
[White "Hansen, Eric"]
[Black "Hughey, Micah"]
[Result "1-0"]
[WhiteElo "1916"]
[BlackElo "1995"]
[PlyCount "46"]
[GameId "2160767910900568"]
[EventDate "2005.08.20"]
[EventType "match"]
[EventRounds "2"]
[EventCountry "CAN"]
[SourceTitle "EXT 2007"]
[Source "ChessBase"]
[SourceDate "2006.11.23"]
[SourceVersion "1"]
[SourceVersionDate "2006.11.23"]
[SourceQuality "1"]

1. e4 e5 2. Nf3 Nc6 3. Bc4 Nf6 4. O-O Nxe4 5. Qe2 d5 6. Bb5 Bg4 7. d3 Bxf3 8. gxf3 Nf6 9. Qxe5+ Be7 10. Re1 O-O 11. Bxc6 Bd6 12. Qc3 bxc6 13. Qxc6 Rb8 14. Nd2 Rb6 15. Qa4 Rb4 16. Qxa7 Qd7 17. Nf1 Qh3 18. d4 Qxf3 19. Be3 h5 20. Nd2 Qh3 21. f4 Ng4 22. Nf1 Rxb2 23. Rac1 g5 1-0

[Event "CAN-op"]
[Site "Edmonton CAN"]
[Date "2005.07.09"]
[Round "1.86"]
[White "Hansen, Eric"]
[Black "Meller, Kenneth"]
[Result "1-0"]
[WhiteElo "1910"]
[BlackElo "1367"]
[PlyCount "87"]
[GameId "2160767910901339"]
[EventDate "2005.07.09"]
[EventType "swiss"]
[EventRounds "10"]
[EventCountry "CAN"]

1. e4 e5 2. Nf3 d6 3. d4 exd4 4. Nxd4 h6 5. Nc3 Nf6 6. f3 Bd7 7. Be3 Nc6 8. Bc4 Qe7 9. Qd2 Nxd4 10. Qxd4 Qe5 11. O-O-O Be7 12. g4 Qxd4 13. Bxd4 O-O 14. h4 Ne8 15. Rdg1 c5 16. Be3 Nc7 17. g5 Kh7 18. Bxf7 Be6 19. Bh5 d5 20. gxh6 Rg8 21. exd5 Bxd5 22. Rxg7+ Rxg7 23. hxg7 Rg8 24. Rg1 Rxg7 25. Rxg7+ Kxg7 26. Bg5 Bxg5+ 27. hxg5 b5 28. f4 b4 29. Nxd5 Nxd5 30. f5 Nf4 31. Bg4 a5 32. Kd2 Ng2 33. f6+ Kf8 34. g6 Nf4 35. g7+ Kg8 36. Bf5 c4 37. Ke1 a4 38. b3 cxb3 39. cxb3 a3 40. Kf2 Nh5 41. Be6+ Kh7 42. g8=Q+ Kh6 43. Bf7 Nf4 44. Qg7# 1-0

[Event "CAN-op"]
[Site "Edmonton CAN"]
[Date "2005.07.10"]
[Round "2"]
[White "Dougherty, Michael"]
[Black "Hansen, Eric"]
[Result "1-0"]
[WhiteElo "2332"]
[BlackElo "1910"]
[PlyCount "103"]
[GameId "2160767910901365"]
[EventDate "2005.07.09"]
[EventType "swiss"]
[EventRounds "10"]
[EventCountry "CAN"]
[SourceTitle "CBM 107 Extra"]
[Source "ChessBase"]
[SourceDate "2005.09.01"]
[SourceVersion "1"]
[SourceVersionDate "2005.09.01"]
[SourceQuality "1"]

1. e4 c5 2. d4 cxd4 3. Nf3 e6 4. c3 dxc3 5. Nxc3 a6 6. Bd3 Nc6 7. O-O d6 8. Qe2 Nf6 9. Bg5 Be7 10. Rfd1 Qa5 11. a3 Nd4 12. Nxd4 Qxg5 13. Nf3 Qh5 14. e5 dxe5 15. Nxe5 Qh6 16. Ne4 Qf4 17. Nc4 Nd5 18. g3 Qb8 19. Rac1 b6 20. Ne3 Bb7 21. Nxd5 Bxd5 22. Bxa6 O-O 23. Bc4 Bxc4 24. Rxc4 b5 25. Rcd4 b4 26. axb4 Bxb4 27. Nf6+ gxf6 28. Qg4+ Kh8 29. Rxb4 Qe5 30. Qd4 Rab8 31. Rxb8 Rxb8 32. b4 Qxd4 33. Rxd4 e5 34. Rg4 f5 35. Rc4 Kg7 36. Kf1 Kf6 37. Ke2 Ke6 38. Kd3 f6 39. Rc6+ Kd7 40. Rc4 Rg8 41. b5 f4 42. gxf4 Rg2 43. fxe5 fxe5 44. Rh4 Rxf2 45. Rxh7+ Kd6 46. b6 Rf3+ 47. Ke4 Rf1 48. Rh6+ Kd7 49. Kd5 Re1 50. Rh8 Rb1 51. b7 Rb5+ 52. Ke4 1-0

[Event "CAN-op"]
[Site "Edmonton CAN"]
[Date "2005.07.10"]
[Round "3.60"]
[White "Hansen, Eric"]
[Black "Oberton, Daniel"]
[Result "1-0"]
[WhiteElo "1910"]
[BlackElo "1656"]
[PlyCount "59"]
[GameId "2160767910901526"]
[EventDate "2005.07.09"]
[EventType "swiss"]
[EventRounds "10"]
[EventCountry "CAN"]

1. e4 c5 2. Nf3 d6 3. d4 cxd4 4. Nxd4 Nf6 5. Nc3 g6 6. Bg5 Bg7 7. f3 Nc6 8. Nb3 Bd7 9. Qd2 h6 10. Be3 a6 11. g4 Rc8 12. h4 Ne5 13. Be2 Nc4 14. Bxc4 Rxc4 15. O-O-O Qc7 16. g5 hxg5 17. hxg5 Nh5 18. Nd5 Qb8 19. f4 Rxe4 20. Rde1 Bf5 21. Bb6 e6 22. Nc7+ Ke7 23. Rxe4 Bxe4 24. Re1 d5 25. Rxe4 Kf8 26. Re1 Ng3 27. Nc5 Qc8 28. N5xe6+ Kg8 29. Nxg7 Kxg7 30. Bd4+ 1-0

[Event "CAN-op"]
[Site "Edmonton CAN"]
[Date "2005.07.11"]
[Round "4"]
[White "Davies, Lucas"]
[Black "Hansen, Eric"]
[Result "1-0"]
[WhiteElo "2165"]
[BlackElo "1910"]
[PlyCount "91"]
[GameId "2160767910901579"]
[EventDate "2005.07.09"]
[EventType "swiss"]
[EventRounds "10"]
[EventCountry "CAN"]
[SourceTitle "CBM 107 Extra"]
[Source "ChessBase"]
[SourceDate "2005.09.01"]
[SourceVersion "1"]
[SourceVersionDate "2005.09.01"]
[SourceQuality "1"]

1. e4 c5 2. Nf3 e6 3. d4 cxd4 4. Nxd4 a6 5. Bd3 d6 6. O-O Nf6 7. c4 Nc6 8. Be3 Ne5 9. h3 Be7 10. Nc3 O-O 11. b3 Qa5 12. Rc1 Bd7 13. Be2 Rac8 14. Qd2 Kh8 15. f4 Ng6 16. Nf3 Rfd8 17. a4 Be8 18. Bd3 d5 19. Qf2 Qb4 20. e5 Nd7 21. Nd4 Nc5 22. Bxg6 hxg6 23. Rc2 dxc4 24. Na2 Nd3 25. Qe2 Qb6 26. a5 Qxa5 27. bxc4 Nb4 28. Nxb4 Bxb4 29. Rb1 Bc5 30. Nf3 Bxe3+ 31. Qxe3 b5 32. c5 Bc6 33. Ng5 Kg8 34. Qf2 Qa4 35. Rbc1 Qd4 36. Kf1 Qxf2+ 37. Kxf2 Rd4 38. Ke3 Rcd8 39. Ra2 Rd3+ 40. Ke2 Rg3 41. Rxa6 Rxg2+ 42. Ke3 Bd5 43. c6 Ra2 44. c7 Rc8 45. Rd6 Raa8 46. Ra1 1-0